000 00987nas a2200253Ia 4500
001 R020/F5443
003 IT-RoPAU
008 151124c99999999xx |||||||||||| ||und||
040 _aIT-RoPAU
040 _cIT-RoPAU
041 _aITALIANO
100 _aMerritt Russell
_gCodice Aut. SPICS: 6929
210 _aGRIFFITHIANA
222 _aGriffithiana
245 _aGRIFFITHIANA, ANNO 20-N.60/61 (OTTOBRE 1997)
_bBiograph di Griffith Negli Anni Novanta (I)
250 _a1a ed.
260 _aGEMONA (UDINE)
_bCINETECA DEL FRIULI
_c1997
501 _bPaulus - SPICS - Società San Paolo EM (non-commercial uses only)
_cCopyright2015
300 _a12 p. [4-15]
362 _aANNO 020, N.60/61 (OTTOBRE 1997)
500 _aAnalisi dei Film Diretti da Griffith Durante il Contratto con la Casa di Produzione Biograph Oggi. Riflessioni Sui Temi e Sui Modi del Cinema di Griffith. L'Articolo è anche in Versione Inglese.
650 _aCINEMA
_vPUBBLICAZIONE PERIODICA
942 _cCR
999 _c143671
_d143671